Faculty of Law Library — Cairo University

Official Online Catalog

أسس الإدارة العامة : (Record no. 43233)

MARC details
000 -LEADER
fixed length control field 01998nam a2200325 i 4500
003 - CONTROL NUMBER IDENTIFIER
control field EG-GICUC
005 - DATE AND TIME OF LATEST TRANSACTION
control field 20260121101221.0
008 - FIXED-LENGTH DATA ELEMENTS--GENERAL INFORMATION
fixed length control field 251114s2007 ua ||||fr|||| 00| 0 ara d
017 ## - COPYRIGHT OR LEGAL DEPOSIT NUMBER
Copyright or legal deposit number ٢٠٠٦/٤٩٦٩
020 ## - INTERNATIONAL STANDARD BOOK NUMBER
International Standard Book Number 977381082
040 ## - CATALOGING SOURCE
Original cataloging agency EG-GICUC
Language of cataloging ara
Transcribing agency EG-GICUC
Modifying agency EG-GICUC
Description conventions rda
041 0# - LANGUAGE CODE
Language code of text/sound track or separate title ara
082 04 - DEWEY DECIMAL CLASSIFICATION NUMBER
Edition number 21
Classification number 345
Item number ز ك . أ
092 04 - LOCALLY ASSIGNED DEWEY CALL NUMBER (OCLC)
Edition number 21
099 ## - LOCAL FREE-TEXT CALL NUMBER (OCLC)
Classification number Law1 07 345 ز ك . أ 2007
100 0# - MAIN ENTRY--PERSONAL NAME
Personal name زكريا المصري
Relator term مؤلف.
245 10 - TITLE STATEMENT
Title أسس الإدارة العامة :
Remainder of title التظيم الإداري (الإدارة ) - النشاط الإداري (دراسة مقارنة ) في التشريع والفقة وأحكام القضاء في مصر وليبيا وبعض الدول العربية والأجنبية /
Statement of responsibility, etc. زكريا المصري.
264 #1 - PRODUCTION, PUBLICATION, DISTRIBUTION, MANUFACTURE, AND COPYRIGHT NOTICE
Place of production, publication, distribution, manufacture المحلة الكبرى :
Name of producer, publisher, distributor, manufacturer دار الكتب القانونية،
Date of production, publication, distribution, manufacture, or copyright notice 2007.
300 ## - PHYSICAL DESCRIPTION
Extent 1175 ؛صفحة
Dimensions 24 سم.
336 ## - CONTENT TYPE
Source rda content
Content type term text
337 ## - MEDIA TYPE
Source rda media
Media type term Computer
338 ## - CARRIER TYPE
Source rda carrier
Carrier type term Online Resource
504 ## - BIBLIOGRAPHY, ETC. NOTE
Bibliography, etc. note . 1174-1162ببليوجرافيا: صفحات.
505 ## - FORMATTED CONTENTS NOTE
Formatted contents note خصائص الإدارة العامه المقارنة - المركزية واللامركزية<br/>وسائل الإدارة<br/>القرار الإدارى - العقود الإدارية - الأموال العامة - أحكام الوظيفة العامة<br/>مهام الإدارة<br/>المرفق العام والضبط الإداري - التنفيذ المباشر وإجراءات نزع الملكية للمنفعة العامة - الحجز الإداري - التخطيط - العناية بالعنصر البشري القيادة وسلطة إصدار القرار الإتصال والتنسيق - الرقابة
546 ## - LANGUAGE NOTE
Language note النص أغلبه باللغة العربية مع بعض النصوص الإنجليزية
650 14 - SUBJECT ADDED ENTRY--TOPICAL TERM
Topical term or geographic name entry element القانون الإداري
856 40 - ELECTRONIC LOCATION AND ACCESS
Uniform Resource Identifier <a href="https://fll.law.cu.edu.eg/fulltext/bks/B07-00373.pdf">https://fll.law.cu.edu.eg/fulltext/bks/B07-00373.pdf</a>
905 ## - Cataloger and Reviser Names
Cataloger Name: Sara El-Gendy
Revisor Name: Yara
942 ## - ADDED ENTRY ELEMENTS (KOHA)
Source of classification or shelving scheme Dewey Decimal Classification
Koha item type Books
Edition 21
Suppress in OPAC No
Holdings
Withdrawn status Lost status Source of classification or shelving scheme Damaged status Not for loan Collection Home library Current library Date acquired Total checkouts Full call number Barcode Date last seen Copy number Price effective from Koha item type
    Dewey Decimal Classification   Not for loan القانون الإداري جــــامعة القــاهرة مكتبة كلية الحقوق - المبنى الرئيسي 14.11.2025   Law1 07 345 ز ك . أ 2007 0700373 C1 B07-00373 14.11.2025 1 14.11.2025 Books
    Dewey Decimal Classification     القانون الإداري جــــامعة القــاهرة مكتبة كلية الحقوق - المبنى الرئيسي 03.05.2026   Law1 07 345 ز ك . أ 2007 0703616 C2 B07-03616 03.05.2026 2 03.05.2026 Books
    Dewey Decimal Classification     القانون الإداري مكتبة كلية الحقوق - فـرع الشيخ زايد مكتبة كلية الحقوق - فـرع الشيخ زايد 03.05.2026   Law2 07 345 ز ك . أ 2007 0703618 C3 B07-03618 03.05.2026 3 03.05.2026 Books

© All rights reserved — Faculty of Law, Cairo University